书目信息 |
| 题名: |
商务礼仪教程
|
|
| 作者: | 金正昆 著 | |
| 分册: | ||
| 出版信息: | 北京 中国人民大学出版社 2016 |
|
| 页数: | 250页 | |
| 开本: | 26cm | |
| 丛书名: | ||
| 单 册: | ||
| 中图分类: | F718 | |
| 科图分类: | ||
| 主题词: | 商务--礼仪--教材 | |
| 电子资源: | ||
| ISBN: | 978-7-300-22716-0 | |
| 000 | 00808nam0 2200241 450 | |
| 001 | 3403 | |
| 005 | 20180528103958.50 | |
| 010 | @a978-7-300-22716-0@dCNY35.00 | |
| 100 | @a20161019d2016 em y0chiy50 ea | |
| 101 | 0 | @achi |
| 102 | @aCN@b110000 | |
| 105 | @ay z 000yy | |
| 200 | 1 | @a商务礼仪教程@9shang wu li yi jiao cheng@f金正昆著 |
| 205 | @a5版 | |
| 210 | @a北京@c中国人民大学出版社@d2016 | |
| 215 | @a250页@d26cm | |
| 300 | @a21世纪实用礼仪系列教材 | |
| 330 | @a本书主要介绍各种商务交往中需要掌握的礼仪规范。在装束礼仪、仪式礼仪、会务礼仪、酬世礼仪等方面,它具体明确了讲规范、讲形象、讲沟通的商务人员应如何“有所为”与“有所不为”。 | |
| 606 | 0 | @a商务@x礼仪@j教材 |
| 690 | @aF718@v5 | |
| 701 | 0 | @a金正昆@9jin zheng kun@4著 |
| 801 | 0 | @aCN@b91MARC@c20161019 |
| 905 | @aMuseLib@dF718@e1007=5 | |
| 商务礼仪教程/金正昆著.-5版.-北京:中国人民大学出版社,2016 |
| 250页;26cm |
| 21世纪实用礼仪系列教材 |
| ISBN 978-7-300-22716-0:CNY35.00 |
| 本书主要介绍各种商务交往中需要掌握的礼仪规范。在装束礼仪、仪式礼仪、会务礼仪、酬世礼仪等方面,它具体明确了讲规范、讲形象、讲沟通的商务人员应如何“有所为”与“有所不为”。 |
| ● |
| 相关链接 |
|
|
|
|
正题名:商务礼仪教程
索取号:F718/1007=5
 
预约/预借
| 序号 | 登录号 | 条形码 | 馆藏地/架位号 | 状态 | 备注 |
| 1 | 1109064 | 211090647 | 第一样本阅览室/ [索取号:F718/1007=5] | 在馆 | |
| 2 | 1109065 | 211090656 | 教育系资料室/ [索取号:F718/1007=5] | 在馆 | |
| 3 | 1109066 | 211090665 | 教育系资料室/ [索取号:F718/1007=5] | 在馆 | |
| 4 | 1109067 | 211090674 | 第一借阅区/ [索取号:F718/1007=5] | 在馆 |